Breve mitología del cuerpo original /

Detalles Bibliográficos
Autor principal: Vaccaro García, Victoria, 1998- (Autor)
Formato: Electrónico eBook
Lenguaje:español
Publicado: Cuenca, Ecuador : Universidad del Azuay, Casa Editora, [2022]
Colección:Poesía en paralelo.
Materias:
Acceso en línea:Digitalia Hispánica

MARC

LEADER 00000nam a2200000Ii 4500
001 DIGUAZUAY0175
003 NyNyDIG
006 m o d
007 cr |||||||||||
008 250103s2022 ec o 000 p spa d
035 |a (OCoLC)1491108235 
040 |a DGITA  |b eng  |e rda  |e pn  |c DGITA 
020 |a 9789942847973  |q eBook 
020 |z 9789942847966 
050 1 4 |a PQ8220.432.A25 ebook 
100 1 |a Vaccaro García, Victoria,  |d 1998-  |e author. 
245 1 0 |a Breve mitología del cuerpo original /  |c Victoria Vaccaro García. 
264 1 |a Cuenca, Ecuador :  |b Universidad del Azuay, Casa Editora,  |c [2022] 
300 |a 1 online resource. 
336 |a text  |b txt  |2 rdacontent 
337 |a computer  |b c  |2 rdamedia 
338 |a online resource  |b cr  |2 rdacarrier 
347 |a text file  |2 rdaft 
347 |b PDF 
490 1 |a Poesía en paralelo 
500 |a "Premio Internacional de Poesía Escrita por Mujeres "Ana María Iza" 2022"--Cover. 
588 0 |a Online resource; title from PDF title page (Digitalia, viewed January 3, 2025) 
655 7 |a Poetry.  |2 lcgft 
791 2 |a Digitalia (Firm),  |e distributor. 
793 0 |g Digitalia eBook Collection:  |a Universidad del Azuay 
776 0 8 |i Print version:  |a Vaccaro García, Victoria, 1998-  |t Breve mitología del cuerpo original.  |d Cuenca, Ecuador : Universidad del Azuay, Casa Editora, [2022]  |z 9789942847966 
830 0 |a Poesía en paralelo. 
856 4 0 |3 Digitalia Hispánica  |u https://www.digitaliapublishing.com/a/133560/ 
910 |a Premium collection: 2025